000
00380nam a2200169Ia 4500
008
090124s9999 xx 000 0 und d
082
_b
46730
100
_a
JAISWAL RASHMI
245
_a
ARABIAN NIGHTS
250
_a
0
300
_a
160
600
_a
JAISWAL RASHMI
630
_a
ARABIAN NIGHTS
700
_a
JAISWAL RASHMI
730
_a
ARABIAN NIGHTS
942
_c
BOOK
999
_c
112938
_d
112938